00668 a2200193 4500003000400000005001700004008004100021020001800062040000900080082002000089100003500109245006400144250001200208260004200220300000900262942004600271952014000317999001700457OSt20231208091211.0231207b |||||||| |||| 00| 0 eng d a9788182680586 coclc a894.8128bLEE/T aLeelakrishnan, Alankodu910089 aThathrikkuttiyude Smarthavicharam /cAlankodu Leelakrishnan a8th ed. aKozhikode:bMathrubhumi Books,c2019. a72p. 2ddccBKh894.8128iLEE/Tk894.8128mLEE/T 00102ddc40708MISCELLANEOUSaMESbMEScMALd2023-12-07l0o894.8128 LEE/Tp43407r2023-12-07 21:10:50v90.00w2023-12-07yBKzGR33R1 c44036d44036